| 000 | 00615nam a2200193 a 4500 | ||
|---|---|---|---|
| 005 | 20220816063850.0 | ||
| 008 | 991125s19831995mx 000 0 spa u | ||
| 020 | _a968241301X | ||
| 035 | _aUPN01000010132 | ||
| 049 | _aCG | ||
| 050 | 4 |
_aLB1050.43 _aS6.28 |
|
| 100 | 1 | _aSmith, Frank | |
| 245 | 1 | 0 |
_aComprensión de la lectura : _banálisis psicolingüístico de la lectura y su aprendizaje / _cFrank Smith ; tr. Mario Sandoval Pineda |
| 260 |
_aMéxico : _bTrillas, _c1983 (1995 impr.) |
||
| 300 | _a272 p. | ||
| 650 | 4 |
_aLECTURA, PSICOLOGIA DE LA _96935 |
|
| 650 | 7 |
_aPsicolingüística _2 _9109 |
|
| 905 | _aLibro | ||
| 999 |
_c10132 _d10132 |
||